ស៊េរី ជំនាញកំព្យូទ័រ : (Record no. 6640)
[ view plain ]
| 000 -LEADER | |
|---|---|
| fixed length control field | 01281nam a22002537a 4500 |
| 001 - CONTROL NUMBER | |
| control field | 6640 |
| 003 - CONTROL NUMBER IDENTIFIER | |
| control field | FISKH |
| 005 - DATE AND TIME OF LATEST TRANSACTION | |
| control field | 20250516151437.0 |
| 008 - FIXED-LENGTH DATA ELEMENTS--GENERAL INFORMATION | |
| fixed length control field | 250516b cb ||||| |||| 00| 0 eng d |
| 040 ## - CATALOGING SOURCE | |
| Original cataloging agency | FISKH |
| Language of cataloging | khr |
| Transcribing agency | FISKH |
| Modifying agency | FISKH |
| 082 ## - DEWEY DECIMAL CLASSIFICATION NUMBER | |
| Classification number | 600 |
| 100 ## - MAIN ENTRY--PERSONAL NAME | |
| Personal name | Nalong, Khon |
| 245 ## - TITLE STATEMENT | |
| Title | ស៊េរី ជំនាញកំព្យូទ័រ : |
| Remainder of title | សំរាប់ការងារការិយាល័យ / |
| Statement of responsibility, etc. | រៀបរៀងដោយ ខុន ណាឡុង និង រាម វិទូ |
| 260 ## - PUBLICATION, DISTRIBUTION, ETC. | |
| Place of publication, distribution, etc. | ភ្នំពេញ : |
| Name of publisher, distributor, etc. | វិទ្យាស្ថានអន្តរជាតិនៃកម្ពុជា , |
| Date of publication, distribution, etc. | ២០០១ . |
| 300 ## - PHYSICAL DESCRIPTION | |
| Extent | 199 pages : |
| Other physical details | color illustrations ; |
| Dimensions | 20 cm . |
| 520 ## - SUMMARY, ETC. | |
| Summary, etc. | សៀវភៅនេះអាចជាជំនួយដល់សិស្សក្នុងការធ្វើស្វ័យសិក្សាលើកម្មវិធី Microsoft Window 2000 ។ |
| 520 ## - SUMMARY, ETC. | |
| Summary, etc. | This book may serve as a helpful resource for students to self-study the Microsoft Windows 2000 program. |
| 650 ## - SUBJECT ADDED ENTRY--TOPICAL TERM | |
| Topical term or geographic name entry element | ជំនាញកំព្យូទ័រ |
| 650 ## - SUBJECT ADDED ENTRY--TOPICAL TERM | |
| Topical term or geographic name entry element | Computer skill |
| 700 ## - ADDED ENTRY--PERSONAL NAME | |
| Personal name | Kimthar, Siv |
| Relator term | Illustrator |
| 700 ## - ADDED ENTRY--PERSONAL NAME | |
| Personal name | Mitita , Map |
| Relator term | Illustrator |
| 942 ## - ADDED ENTRY ELEMENTS (KOHA) | |
| Source of classification or shelving scheme | Dewey Decimal Classification |
| Koha item type | Khmer Books |
| Suppress in OPAC | No |
| Withdrawn status | Lost status | Source of classification or shelving scheme | Damaged status | Not for loan | Collection | Home library | Current library | Shelving location | Date acquired | Total Checkouts | Full call number | Barcode | Date last seen | Price effective from | Koha item type |
|---|---|---|---|---|---|---|---|---|---|---|---|---|---|---|---|
| Dewey Decimal Classification | Khmer Language Books / សៀវភៅភាសាខ្មែរ | Footprints International School Library Network Toul Tom Poung Campus | Footprints International School Library Network Toul Tom Poung Campus | TTP Secondary Khmer Bookshelves | 05/16/2025 | NAL 600 | 2025-1318 | 05/16/2025 | 05/16/2025 | Khmer Books |
